书目信息 |
| 题名: |
西方文化元典选读
|
|
| 作者: | 欧震 , 范锐 主编 | |
| 分册: | ||
| 出版信息: | 北京 商务印书馆 2024.08 |
|
| 页数: | 372页 | |
| 开本: | 21cm | |
| 丛书名: | ||
| 单 册: | ||
| 中图分类: | K103 | |
| 科图分类: | ||
| 主题词: | 文化史--世界 | |
| 电子资源: | ||
| ISBN: | 978-7-100-24273-8 | |
| 000 | 01003nam0 2200241 450 | |
| 001 | 013196493 | |
| 005 | 20251022201012.70 | |
| 010 | @a978-7-100-24273-8@dCNY68.00 | |
| 100 | @a20241022d2024 em y0chiy0120 ea | |
| 101 | 0 | @achi |
| 102 | @aCN@b110000 | |
| 105 | @ay z 000yy | |
| 106 | @ar | |
| 200 | 1 | @a西方文化元典选读@9xi fang wen hua yuan dian xuan du@f欧震,范锐主编 |
| 210 | @a北京@c商务印书馆@d2024.08 | |
| 215 | @a372页@d21cm | |
| 330 | @a本书由四川师范大学文学院比较文学与世界文学教研室集体选编,欧震、范锐主编,为四川师范大学文学院必选课教材。该书选取了从古希腊的柏拉图到近代尼采的14位经典西方思想家的18篇文化经典选文,包括柏拉图的《理想国》、亚里士多德的《形而上学》、康德的《实践理性批判》、尼采的《悲剧的诞生》等等。每篇选文均选自优秀译本,配以背景介绍、导读文字、思考题及延伸阅读推荐。 | |
| 606 | 0 | @a文化史@y世界 |
| 690 | @aK103@v5 | |
| 701 | 0 | @a欧震@9ou zhen@4主编 |
| 701 | 0 | @a范锐@9fan rui@4主编 |
| 801 | 0 | @aCN@c20250909 |
| 905 | @a河南城建学院图书馆@dK103@eO615@ZO615@f1 | |
| 西方文化元典选读/欧震,范锐主编.-北京:商务印书馆,2024.08 |
| 372页;21cm |
| ISBN 978-7-100-24273-8:CNY68.00 |
| 本书由四川师范大学文学院比较文学与世界文学教研室集体选编,欧震、范锐主编,为四川师范大学文学院必选课教材。该书选取了从古希腊的柏拉图到近代尼采的14位经典西方思想家的18篇文化经典选文,包括柏拉图的《理想国》、亚里士多德的《形而上学》、康德的《实践理性批判》、尼采的《悲剧的诞生》等等。每篇选文均选自优秀译本,配以背景介绍、导读文字、思考题及延伸阅读推荐。 |
| ● |
| 相关链接 |
|
|
|
正题名:西方文化元典选读
索取号:K103/O615
 
预约/预借
| 序号 | 登录号 | 条形码 | 馆藏地/架位号 | 状态 | 备注 |
| 1 | 1632079 | 216320791 | 社科库309/309社科库 103排5列1层/ [索取号:K103/O615] | 在馆 |